[Event "Outaouais-ch Reserve"]
[Site "Gatineau CAN"]
[Date "2023.04.04"]
[Round "2"]
[White "Lecorre, Joel"]
[Black "Nasr, Marwan"]
[Result "0-1"]
[WhiteElo "1589"]
[BlackElo "1443"]
[PlyCount "82"]
[EventDate "2023.03.28"]
[EventType "swiss"]
[EventRounds "7"]
[EventCountry "CAN"]

1. e4 c6 2. d4 d5 3. Nc3 dxe4 4. Nxe4 Nf6 5. Nxf6+ exf6 6. Nf3 Bd6 7. c4 O-O 8.
Be3 Bf5 9. c5 Bc7 10. Bd3 Be6 11. O-O Nd7 12. Qc2 g6 13. h4 Kg7 14. Qd2 Re8 15.
Bh6+ Kg8 16. Qc2 Bg4 17. Nh2 Bxh2+ 18. Kxh2 Nf8 19. Be3 Ne6 20. Qc3 f5 21. g3
f4 22. f3 fxe3 23. fxg4 Qxd4 24. Qxd4 Nxd4 25. Rae1 e2 26. Rf2 Re3 27. Bc4 Nf3+
28. Rxf3 Rxf3 29. Rxe2 Kf8 30. Kg2 Rf6 31. b4 Re8 32. a4 Rxe2+ 33. Bxe2 Re6 34.
Kf3 Ke7 35. a5 a6 36. g5 f5 37. Bd3 Re1 38. Kf2 Ra1 39. Bc4 Rb1 40. Bg8 Kf8 41.
Bxh7 Kg7 0-1

[Event "Outaouais-ch Reserve"]
[Site "Gatineau CAN"]
[Date "2023.04.04"]
[Round "2"]
[White "Medeiros, Joshua"]
[Black "Masse-Garneau, Anthony"]
[Result "1/2-1/2"]
[WhiteElo "1399"]
[BlackElo "1536"]
[PlyCount "65"]
[EventDate "2023.03.28"]
[EventType "swiss"]
[EventRounds "7"]
[EventCountry "CAN"]
[TimeControl "90+30"]

1. e4 c5 2. Nf3 e6 3. d4 cxd4 4. Nxd4 Nf6 5. Nc3 Nc6 6. Ndb5 d6 7. Bf4 e5 8.
Bg5 a6 9. Na3 b5 10. Nd5 Be7 11. Bxf6 Bxf6 12. c3 O-O 13. Nc2 g6 14. Nxf6+ Qxf6
15. Ne3 Ne7 16. Be2 Rd8 17. O-O Bb7 18. Nd5 Nxd5 19. exd5 Qe7 20. Qd2 Rac8 21.
Bd1 Rc5 22. Bb3 f5 23. a3 Qf7 24. Rad1 Re8 25. Ba2 e4 26. b4 Rc7 27. Qd4 Rec8
28. Rc1 Qg7 29. Qb6 Qe7 30. Qd4 Qg7 31. Qb6 Qe7 32. Qd4 Qg7 33. Qb6 1/2-1/2

[Event "Outaouais-ch Reserve"]
[Site "Gatineau CAN"]
[Date "2023.04.04"]
[Round "2"]
[White "Palsson, Halldor"]
[Black "Marenger, Vincent"]
[Result "1/2-1/2"]
[WhiteElo "1888"]
[BlackElo "1497"]
[PlyCount "125"]
[EventDate "2023.03.28"]
[EventType "swiss"]
[EventRounds "7"]
[EventCountry "CAN"]
[TimeControl "90+30"]

1. d4 d5 2. c4 e5 3. dxe5 d4 4. a3 Nc6 5. Nf3 Bg4 6. b4 Bxf3 7. gxf3 Nxe5 8.
Nd2 Nf6 9. f4 Nc6 10. b5 Na5 11. Qa4 b6 12. Bg2 Rc8 13. Nf3 Bd6 14. Nxd4 Bxf4
15. e3 Be5 16. Bb2 O-O 17. O-O-O Qe7 18. Bh3 Rcd8 19. f4 Bxf4 20. Nf5 Rxd1+ 21.
Rxd1 Bxe3+ 22. Kb1 Qe4+ 23. Ka1 Qf3 24. Bxf6 gxf6 25. Nxe3 Qxe3 26. Bf1 Qb3 27.
Qxb3 Nxb3+ 28. Kb2 Nc5 29. Bg2 Kg7 30. Bd5 f5 31. Kc3 Kf6 32. Rg1 h5 33. Kd4
Re8 34. Rg3 Re5 35. Rh3 f4 36. Rf3 Ne6+ 37. Bxe6 fxe6 38. Rxf4+ Rf5 39. Rh4 Kg5
40. Rh3 h4 41. Ke4 Kg4 42. Rd3 h3 43. Rg3+ Kh4 44. Rg6 Rf2 45. Ke3 Rxh2 46.
Rxe6 Ra2 47. Kf4 Kh5 48. Kg3 h2 49. Re1 Kg5 50. Rf1 a5 51. bxa6 Rxa3+ 52. Kxh2
Rxa6 53. Rf7 c5 54. Kg2 Ra4 55. Rb7 Rxc4 56. Rxb6 Kf4 57. Kf2 Rc2+ 58. Ke1 Ke3
59. Kd1 Kd3 60. Rd6+ Kc3 61. Rc6 c4 62. Rxc4+ Kxc4 63. Kxc2 1/2-1/2

[Event "Outaouais-ch Reserve"]
[Site "Gatineau CAN"]
[Date "2023.04.04"]
[Round "2"]
[White "Paradis, Emile"]
[Black "Piche, Danielle"]
[Result "1-0"]
[WhiteElo "1454"]
[BlackElo "961"]
[PlyCount "62"]
[EventDate "2023.03.28"]
[EventType "swiss"]
[EventRounds "7"]
[EventCountry "CAN"]
[TimeControl "90+30"]

1. e4 d5 2. exd5 Qxd5 3. Nc3 Qa5 4. Bc4 Nf6 5. d3 Bf5 6. Bd2 c6 7. Nd5 Qd8 8.
Nxf6+ exf6 9. Qe2+ Be6 10. Bxe6 fxe6 11. Qxe6+ Be7 12. O-O-O Nd7 13. Nf3 Nc5
14. Qc4 Qd6 15. Bf4 Qd7 16. d4 Ne6 17. d5 Nxf4 18. dxc6 Qc7 19. cxb7 Qxc4 20.
bxa8=Q+ Kf7 21. Qxh8 Ne2+ 22. Kb1 Qe4 23. Qb8 h6 24. Qxa7 Kg6 25. Nh4+ Kg5 26.
Rhe1 Kxh4 27. Qa6 Bb4 28. Rxe2 Qxg2 29. Qc4+ Kg5 30. Qxb4 Qxh2 31. f4+ Kg6 1-0

[Event "Outaouais-ch Reserve"]
[Site "Gatineau CAN"]
[Date "2023.04.04"]
[Round "2"]
[White "Pestieau, Gabriel"]
[Black "Deschenes, Stephane"]
[Result "1-0"]
[WhiteElo "1582"]
[BlackElo "1118"]
[PlyCount "63"]
[EventDate "2023.03.28"]
[EventType "swiss"]
[EventRounds "7"]
[EventCountry "CAN"]
[TimeControl "90+30"]

1. d4 g6 2. c4 Bg7 3. Nc3 c5 4. d5 d6 5. e4 e6 6. Nf3 h6 7. Bf4 e5 8. Be3 Nf6
9. h3 Qa5 10. Qd2 Bf8 11. Bd3 Na6 12. O-O Be7 13. a3 Bd7 14. b4 cxb4 15. axb4
Qxb4 16. Rfb1 g5 17. Rxb4 Nxb4 18. Rxa7 Rb8 19. Nb5 O-O 20. Qxb4 Bd8 21. Qxd6
Bxb5 22. cxb5 Rc8 23. Rxb7 Ne8 24. Qxh6 Rc7 25. Rxc7 Nxc7 26. Nxg5 Bxg5 27.
Bxg5 f6 28. Qg6+ Kh8 29. Bh6 Rg8 30. Qxf6+ Kh7 31. Bg5 Ne8 32. Qh6# 1-0

[Event "Outaouais-ch Reserve"]
[Site "Gatineau CAN"]
[Date "2023.04.04"]
[Round "2"]
[White "Scantland, Patrick"]
[Black "Jacques, Olivier"]
[Result "1-0"]
[WhiteElo "1672"]
[BlackElo "1286"]
[PlyCount "55"]
[EventDate "2023.03.28"]
[EventType "swiss"]
[EventRounds "7"]
[EventCountry "CAN"]
[TimeControl "90+30"]

1. d4 d5 2. c4 c6 3. Nf3 Nf6 4. Nc3 a6 5. cxd5 cxd5 6. Bf4 Bf5 7. e3 Nh5 8. Be5
f6 9. Bg3 Nxg3 10. hxg3 Nc6 11. Nh4 Be6 12. Bd3 Bf7 13. Ng6 hxg6 14. Rxh8 e5
15. dxe5 Nxe5 16. f4 Nxd3+ 17. Qxd3 Qd7 18. Kf2 O-O-O 19. Rd1 Qe7 20. Qd4 Kb8
21. a3 Be6 22. b4 f5 23. Na4 Qc7 24. Nc5 Bf7 25. Rc1 Qd6 26. Nb3 Be8 27. Qe5 b6
28. Rxf8 1-0

[Event "Outaouais-ch Reserve"]
[Site "Gatineau CAN"]
[Date "2023.04.04"]
[Round "2"]
[White "Vachon, Jean-Clement"]
[Black "Rioux, Jocelyn"]
[Result "1-0"]
[WhiteElo "1265"]
[BlackElo "1612"]
[PlyCount "99"]
[EventDate "2023.03.28"]
[EventType "swiss"]
[EventRounds "7"]
[EventCountry "CAN"]
[TimeControl "90+30"]

1. e4 c6 2. Nc3 d5 3. exd5 cxd5 4. Bb5+ Nc6 5. Nf3 Nf6 6. O-O a6 7. Ba4 b5 8.
Bb3 e6 9. d4 Bd6 10. Ne2 O-O 11. c3 Bb7 12. Ng3 Qc7 13. Bc2 h6 14. Qd3 Rac8 15.
Re1 Nb4 16. Qd2 Nxc2 17. Qxc2 b4 18. Ne5 bxc3 19. bxc3 Qxc3 20. Qxc3 Rxc3 21.
Rb1 Ba8 22. Rb6 Bxe5 23. dxe5 Nd7 24. Rxa6 Nc5 25. Ra3 Rxa3 26. Bxa3 Rc8 27.
Rc1 d4 28. Rxc5 Rd8 29. Kf1 Bd5 30. Rc2 d3 31. Rd2 Bxa2 32. f3 Rd5 33. Bb2 Kf8
34. Kf2 Ke8 35. Ke3 Bb1 36. Ne4 Rb5 37. Bd4 Kd7 38. Nf2 Kc6 39. Nxd3 Rb3 40.
Ke2 Kd5 41. Bf2 Bxd3+ 42. Rxd3+ Rxd3 43. Kxd3 Kxe5 44. Bd4+ Kf5 45. Bxg7 h5 46.
Bf8 Kf4 47. Be7 f5 48. Bf6 e5 49. Ke2 e4 50. g3# 1-0

[Event "Outaouais-ch Reserve"]
[Site "Gatineau CAN"]
[Date "2023.04.11"]
[Round "3"]
[White "Arvisais, Eric"]
[Black "Labelle, Raymond"]
[Result "1/2-1/2"]
[WhiteElo "1204"]
[BlackElo "1533"]
[PlyCount "104"]
[EventDate "2023.03.28"]
[EventType "swiss"]
[EventRounds "7"]
[EventCountry "CAN"]

1. d4 d5 2. c4 c6 3. Nc3 Nf6 4. Nf3 h6 5. Bf4 e6 6. a3 dxc4 7. e3 b5 8. Be2 Bd6
9. Ne5 Nfd7 10. O-O Nxe5 11. dxe5 Be7 12. Qc2 Bg5 13. Bg3 O-O 14. h4 Bxh4 15.
Rad1 Qe7 16. Ne4 Nd7 17. Qc3 Bxg3 18. Nxg3 Qg5 19. Rxd7 Bxd7 20. Ne4 Qe7 21.
Nd6 f6 22. f4 fxe5 23. Qxe5 Qf6 24. Qe4 Qxb2 25. Bh5 c3 26. Rf2 Qxa3 27. f5
Qxd6 28. f6 Qd5 29. f7+ Kh8 30. Qh4 Qg5 31. Qh3 Rad8 32. Bd1 e5 33. Qf3 Bg4 34.
Qxg4 Qxe3 35. Bb3 a5 36. Qf5 a4 37. Bc2 Qc1+ 38. Rf1 Qxc2 39. Qxc2 b4 40. Qxa4
c5 41. Qc2 c4 42. Qe4 Rc8 43. Qxe5 b3 44. Qxc3 Kh7 45. Rf4 b2 46. Qxb2 c3 47.
Qc2+ g6 48. Rg4 Rc6 49. Rf4 Kg7 50. Rf3 Rxf7 51. Rxc3 Rcf6 52. Rc7 Rf1+ 1/2-1/2

[Event "Outaouais-ch Reserve"]
[Site "Gatineau CAN"]
[Date "2023.04.11"]
[Round "3"]
[White "Cotillard, Tristan"]
[Black "Godbout, Elliott"]
[Result "0-1"]
[WhiteElo "1632"]
[BlackElo "1471"]
[PlyCount "74"]
[EventDate "2023.03.28"]
[EventType "swiss"]
[EventRounds "7"]
[EventCountry "CAN"]

1. e4 e5 2. Nf3 Nc6 3. Bb5 Nf6 4. O-O d6 5. Re1 Be7 6. c3 O-O 7. d4 exd4 8.
cxd4 a6 9. Ba4 Bg4 10. Nbd2 Nxd4 11. h3 Bh5 12. Bc2 Re8 13. b3 Bf8 14. Bb2 Nxc2
15. Qxc2 Bxf3 16. Nxf3 g6 17. Rad1 Bg7 18. e5 Nh5 19. exd6 Rxe1+ 20. Nxe1 cxd6
21. Bxg7 Nxg7 22. Qd3 Ne8 23. Qd5 Qe7 24. Rc1 Nf6 25. Qa5 Rd8 26. Rc7 Rd7 27.
Rc8+ Kg7 28. Nd3 Qe2 29. Nf4 Qe5 30. Qd2 Re7 31. Nd3 Qd4 32. Rc4 Qd5 33. Qc3
Qe6 34. Kf1 d5 35. Rd4 Kg8 36. Nf4 Qc6 37. Qa5 Qc1+ 0-1

[Event "Outaouais-ch Reserve"]
[Site "Gatineau CAN"]
[Date "2023.04.11"]
[Round "3"]
[White "Elsayed, Ahmed"]
[Black "Blais, Robert"]
[Result "1-0"]
[WhiteElo "2029"]
[BlackElo "1507"]
[PlyCount "57"]
[EventDate "2023.03.28"]
[EventType "swiss"]
[EventRounds "7"]
[EventCountry "CAN"]

1. g3 c5 2. Nf3 d5 3. d4 c4 4. Nc3 Nf6 5. Bg2 Nc6 6. O-O Bf5 7. Nh4 Qd7 8. Nxf5
Qxf5 9. a3 a6 10. f3 Rd8 11. e4 dxe4 12. fxe4 Qg4 13. Bf3 Qh3 14. Bg2 Qd7 15.
d5 Ne5 16. Be3 e6 17. Bh3 Qc7 18. Qd4 Ng6 19. Rad1 e5 20. Qb6 Bd6 21. Qxc7 Bxc7
22. b4 Nd7 23. Na4 O-O 24. Nc5 Nxc5 25. bxc5 Ba5 26. Rb1 Rb8 27. Rb2 Ne7 28.
Rfb1 f5 29. Rxb7 1-0

[Event "Outaouais-ch Reserve"]
[Site "Gatineau CAN"]
[Date "2023.04.11"]
[Round "3"]
[White "Filion, Jean"]
[Black "Villeneuve, Denis"]
[Result "0-1"]
[WhiteElo "1143"]
[BlackElo "1396"]
[PlyCount "56"]
[EventDate "2023.03.28"]
[EventType "swiss"]
[EventRounds "7"]
[EventCountry "CAN"]

1. e4 d6 2. Qf3 e5 3. Bc4 Nf6 4. Qb3 d5 5. Bxd5 Nxd5 6. Qxd5 Bd6 7. Nf3 Qe7 8.
d4 c6 9. Qb3 exd4 10. O-O c5 11. Qb5+ Nc6 12. Re1 O-O 13. c4 Bd7 14. Qb3 Rfe8
15. Qc2 Nb4 16. Qe2 d3 17. Qf1 Nc2 18. Rd1 Qxe4 19. Nc3 Qg6 20. Nd5 Bg4 21.
Qxd3 Qxd3 22. Rxd3 Bxf3 23. gxf3 Re1+ 24. Kg2 Nxa1 25. Be3 Nc2 26. Nf6+ gxf6
27. Rxd6 Nxe3+ 28. Kg3 Nf5+ 0-1

[Event "Outaouais-ch Reserve"]
[Site "Gatineau CAN"]
[Date "2023.04.11"]
[Round "3"]
[White "Filion, Samuel"]
[Black "Pestieau, Gabriel"]
[Result "1-0"]
[WhiteElo "1492"]
[BlackElo "1582"]
[PlyCount "101"]
[EventDate "2023.03.28"]
[EventType "swiss"]
[EventRounds "7"]
[EventCountry "CAN"]

1. e4 c6 2. d4 d5 3. exd5 cxd5 4. Nf3 Nc6 5. Nc3 Bg4 6. Be2 e6 7. a3 Nge7 8. h3
Bxf3 9. Bxf3 Nf5 10. Ne2 Nh4 11. Ng1 Qb6 12. g3 Nxf3+ 13. Nxf3 Bd6 14. O-O O-O
15. c3 Rac8 16. b4 Ne7 17. Bd2 Bb8 18. Re1 Nf5 19. Ne5 Bxe5 20. Rxe5 Nd6 21.
Re1 Ne4 22. Re3 Rc4 23. Be1 Rfc8 24. Rc1 Qc7 25. Kg2 a5 26. f3 Nd6 27. g4 Nb5
28. Qa4 Nxd4 29. Bg3 Qb6 30. Qxa5 Qxa5 31. bxa5 Nb5 32. Rb1 Rxc3 33. Rxc3 Nxc3
34. Rxb7 h6 35. a6 Kh7 36. a7 Ra8 37. Bf2 e5 38. Rb8 Rxa7 39. Bxa7 d4 40. Rd8
Kg6 41. Bc5 Ne2 42. Kf2 Nf4 43. Bd6 Kf6 44. h4 Ke6 45. Bb4 g6 46. Rd6+ Ke7 47.
Rxd4+ Ke8 48. Re4 Kd7 49. Bc3 f5 50. gxf5 gxf5 51. Rxe5 1-0

[Event "Outaouais-ch Reserve"]
[Site "Gatineau CAN"]
[Date "2023.04.11"]
[Round "3"]
[White "Gagne, Learry"]
[Black "De Carufel-Lebeau, Lucas"]
[Result "1-0"]
[WhiteElo "1182"]
[BlackElo "1232"]
[PlyCount "78"]
[EventDate "2023.03.28"]
[EventType "swiss"]
[EventRounds "7"]
[EventCountry "CAN"]

1. d4 d5 2. c4 Nf6 3. Nf3 dxc4 4. Nc3 Bf5 5. Bg5 e6 6. e4 h6 7. Bxf6 Qxf6 8.
exf5 Qxf5 9. Bxc4 Nd7 10. O-O c5 11. Bd3 Qh5 12. Ne5 Qxd1 13. Raxd1 cxd4 14.
Bb5 dxc3 15. Nxd7 Ke7 16. bxc3 Rc8 17. Rd3 g5 18. Nxf8 Kxf8 19. Rfd1 Kg7 20.
Ba4 Rc5 21. g3 Rhc8 22. Rc1 Re5 23. Kf1 Rcc5 24. Bd1 Ra5 25. f4 gxf4 26. gxf4
Re4 27. Rf3 Rxa2 28. f5 a5 29. f6+ Kg8 30. Rc2 Ra1 31. Rg2+ Kf8 32. Rd3 Rf4+
33. Rf2 Rxf2+ 34. Kxf2 Ra2+ 35. Ke3 Kg8 36. Rd8+ Kh7 37. Bh5 a4 38. Bxf7 Rxh2
39. Bxe6 a3 1-0

[Event "Outaouais-ch Reserve"]
[Site "Gatineau CAN"]
[Date "2023.04.11"]
[Round "3"]
[White "Laflamme, Mathieu"]
[Black "Seguin, Hubert"]
[Result "0-1"]
[WhiteElo "1340"]
[BlackElo "1526"]
[PlyCount "66"]
[EventDate "2023.03.28"]
[EventType "swiss"]
[EventRounds "7"]
[EventCountry "CAN"]

1. d4 d5 2. c4 c6 3. Nc3 Nf6 4. Nf3 e6 5. Bg5 Be7 6. e3 O-O 7. a3 a5 8. c5 Nbd7
9. Bd3 Ne8 10. Bxe7 Qxe7 11. O-O e5 12. dxe5 Nxe5 13. Nxe5 Qxe5 14. Qc2 Nf6 15.
Ne2 Re8 16. Ng3 Bd7 17. Bf5 Qc7 18. Bxd7 Qxd7 19. Nf5 Re5 20. Nd6 Ne8 21. Qc3
Re6 22. Nxe8 Qxe8 23. Rfe1 Re4 24. b4 axb4 25. axb4 Rxa1 26. Rxa1 h6 27. Ra7 d4
28. Qa3 Qe7 29. Qd3 dxe3 30. fxe3 f5 31. Qb3+ Kh7 32. Kf2 f4 33. exf4 Rxf4+ 0-1

[Event "Outaouais-ch Reserve"]
[Site "Gatineau CAN"]
[Date "2023.04.11"]
[Round "3"]
[White "Marenger, Vincent"]
[Black "Bastien, Andre"]
[Result "0-1"]
[WhiteElo "1497"]
[BlackElo "1757"]
[PlyCount "52"]
[EventDate "2023.03.28"]
[EventType "swiss"]
[EventRounds "7"]
[EventCountry "CAN"]

1. e4 e5 2. Nf3 Nc6 3. Bb5 a6 4. Bxc6 dxc6 5. Nxe5 Qd4 6. Nf3 Qxe4+ 7. Kf1 Bg4
8. d3 O-O-O 9. Be3 Bxf3 10. Qxf3 Qb4 11. b3 Nf6 12. c3 Qd6 13. d4 Nd5 14. Qxf7
Nxe3+ 15. fxe3 Be7 16. Qxg7 Rhg8 17. Qxh7 Rdf8+ 18. Ke2 Rxg2+ 19. Kd3 Kb8 20.
a3 Rff2 21. h4 Qe6 22. c4 Rb2 23. Rd1 Rxb3+ 24. Nc3 b5 25. c5 Rxc3+ 26. Kxc3
Qc4# 0-1

[Event "Outaouais-ch Reserve"]
[Site "Gatineau CAN"]
[Date "2023.04.11"]
[Round "3"]
[White "Marghetis, Aris"]
[Black "Brault, Jean-Francois"]
[Result "1-0"]
[WhiteElo "1812"]
[BlackElo "1558"]
[PlyCount "97"]
[EventDate "2023.03.28"]
[EventType "swiss"]
[EventRounds "7"]
[EventCountry "CAN"]

1. e4 c5 2. Nc3 g6 3. g3 Nc6 4. Bg2 Bg7 5. Nf3 Nf6 6. d3 O-O 7. O-O d6 8. h3
Be6 9. Be3 Nd7 10. Ng5 Nd4 11. Qd2 Rb8 12. f4 f6 13. Bxd4 fxg5 14. Bxg7 Kxg7
15. fxg5 Ne5 16. Rxf8 Kxf8 17. d4 cxd4 18. Qxd4 a6 19. Ne2 Kg8 20. Rf1 Qd7 21.
Nf4 Rc8 22. Nd3 Rc4 23. Nxe5 Rxd4 24. Nxd7 Bxd7 25. e5 Bc6 26. Bxc6 bxc6 27.
exd6 Rxd6 28. Kg2 Rd5 29. h4 Rf5 30. Rf4 Kf7 31. Rc4 c5 32. Ra4 Rd5 33. Kf3 Rd6
34. Rc4 Rd5 35. Ke4 Ke6 36. Ke3 Re5+ 37. Re4 Kd5 38. Rxe5+ Kxe5 39. c3 a5 40.
b3 Kd5 41. a3 Ke5 42. b4 axb4 43. axb4 cxb4 44. cxb4 Kd5 45. Kd3 e5 46. g4 e4+
47. Ke3 Ke5 48. b5 Kd5 49. h5 1-0

[Event "Outaouais-ch Reserve"]
[Site "Gatineau CAN"]
[Date "2023.04.11"]
[Round "3"]
[White "Masse-Garneau, Anthony"]
[Black "Vachon, Jean-Clement"]
[Result "0-1"]
[WhiteElo "1536"]
[BlackElo "1265"]
[PlyCount "58"]
[EventDate "2023.03.28"]
[EventType "swiss"]
[EventRounds "7"]
[EventCountry "CAN"]

1. e4 d5 2. exd5 Qxd5 3. Nc3 Qa5 4. d4 Bf5 5. g4 Bg6 6. Bg2 c6 7. d5 Nf6 8. Bd2
Qc5 9. Qf3 Bxc2 10. Rc1 Bg6 11. dxc6 Nxc6 12. g5 Nd7 13. Nd5 Qd6 14. Bf4 e5 15.
Bg3 Rc8 16. Ne2 Nb6 17. Nxb6 axb6 18. O-O Be7 19. Qc3 O-O 20. f4 exf4 21. Bxf4
Qb4 22. Qxb4 Nxb4 23. Rxc8 Rxc8 24. Nc3 Bc5+ 25. Kh1 Nc6 26. Na4 Bd4 27. Rd1
Bc2 28. Rd2 Bxa4 29. Bxc6 Bxc6+ 0-1

[Event "Outaouais-ch Reserve"]
[Site "Gatineau CAN"]
[Date "2023.04.11"]
[Round "3"]
[White "Medeiros, Joshua"]
[Black "Scantland, Patrick"]
[Result "0-1"]
[WhiteElo "1399"]
[BlackElo "1672"]
[PlyCount "67"]
[EventDate "2023.03.28"]
[EventType "swiss"]
[EventRounds "7"]
[EventCountry "CAN"]

1. e4 c5 2. Nf3 d6 3. d4 cxd4 4. Nxd4 Nf6 5. Nc3 a6 6. Be3 e5 7. Nf3 Nbd7 8.
Bc4 h6 9. Bb3 Be7 10. Qd3 O-O 11. h3 b5 12. g4 Bb7 13. g5 hxg5 14. Bxg5 Nc5 15.
Qe3 Nfxe4 16. Bxe7 Qxe7 17. Nd5 Qd8 18. O-O-O Nxb3+ 19. axb3 f5 20. Rhg1 Bxd5
21. Rxd5 Qf6 22. h4 Rac8 23. Ng5 Nxg5 24. hxg5 Qg6 25. Rxd6 Qxd6 26. g6 Qc5 27.
Qe2 Rf6 28. c3 Qd4 29. Qh5 Qf4+ 30. Kb1 Qh6 31. Qd1 Rxg6 32. Rh1 Rd6 33. Qf3
Qf4 34. Qb7 0-1

[Event "Outaouais-ch Reserve"]
[Site "Gatineau CAN"]
[Date "2023.04.11"]
[Round "3"]
[White "Nasr, Marwan"]
[Black "Palsson, Halldor"]
[Result "0-1"]
[WhiteElo "1443"]
[BlackElo "1888"]
[PlyCount "76"]
[EventDate "2023.03.28"]
[EventType "swiss"]
[EventRounds "7"]
[EventCountry "CAN"]

1. b3 f5 2. Bb2 Nf6 3. d4 e6 4. c4 c6 5. Nf3 d5 6. e3 Bd6 7. c5 Bc7 8. b4 O-O
9. Nc3 Nbd7 10. Ng5 Qe8 11. f4 h6 12. Nf3 Ne4 13. a4 Ndf6 14. Ne5 g5 15. Bd3 b6
16. Qc2 bxc5 17. bxc5 Bxe5 18. fxe5 Ng4 19. Nd1 Qh5 20. Bxe4 fxe4 21. Qe2 Qh4+
22. Kd2 Nxh2 23. Kc1 Qg3 24. Bc3 Qg4 25. Qe1 Qxg2 26. Rg1 Qh3 27. Rh1 Qg2 28.
Rg1 Qf3 29. Ra2 Ng4 30. Rg3 Qf1 31. Rxg4 Qc4 32. Rh2 Rf1 33. Qd2 Kg7 {
transcription incertaine aprÃ..s ce coup} 34. Qc2 Rb8 35. Rf2 Rh1 36. Rf6 Rb3
37. Rg2 Rxc3 38. Qxc3 Qxc3+ 0-1

[Event "Outaouais-ch Reserve"]
[Site "Gatineau CAN"]
[Date "2023.04.11"]
[Round "3"]
[White "Paradis, Emile"]
[Black "Filion, Yves"]
[Result "0-1"]
[WhiteElo "1454"]
[BlackElo "1540"]
[PlyCount "62"]
[EventDate "2023.03.28"]
[EventType "swiss"]
[EventRounds "7"]
[EventCountry "CAN"]

1. e4 e5 2. Nf3 Nc6 3. Bc4 Bc5 4. c3 Nf6 5. d4 exd4 6. cxd4 Bb4+ 7. Nc3 Nxe4 8.
O-O Bxc3 9. bxc3 O-O 10. Qd3 d5 11. Ba3 Re8 12. Bb5 Bf5 13. Qd1 Nxc3 14. Qb3
Nxb5 15. Qxb5 Rb8 16. Rfe1 Be4 17. Rac1 Ne7 18. Ng5 Nc6 19. Nxe4 Rxe4 20. Rxe4
dxe4 21. Bb2 a6 22. Qf5 Qe7 23. d5 Nb4 24. Re1 Re8 25. Qg4 f6 26. Ba3 a5 27.
Qf4 Qd6 28. Qf5 Qxd5 29. Qxd5+ Nxd5 30. Rb1 b6 31. Rd1 c6 0-1

[Event "Outaouais-ch Reserve"]
[Site "Gatineau CAN"]
[Date "2023.04.11"]
[Round "3"]
[White "Poitras, Sylvain"]
[Black "Arcand, Pierre"]
[Result "1-0"]
[WhiteElo "1370"]
[BlackElo "1170"]
[PlyCount "93"]
[EventDate "2023.03.28"]
[EventType "swiss"]
[EventRounds "7"]
[EventCountry "CAN"]

1. d4 d5 2. Bf4 Nc6 3. e3 a6 4. c4 Nf6 5. Nc3 e6 6. Nf3 Bb4 7. Rc1 O-O 8. Bd3
dxc4 9. Bxc4 b5 10. Bd3 Ne7 11. O-O Bxc3 12. Rxc3 Nfd5 13. Bxh7+ Kxh7 14. Ng5+
Kg6 15. Qd3+ f5 16. Rcc1 Nxf4 17. exf4 e5 18. Nh3 exd4 19. Qg3+ Kf7 20. Qh4 Ke8
21. Ng5 g6 22. Rfe1 Ra7 23. Nh7 Rf7 24. Nf6+ Rxf6 25. Qxf6 d3 26. Qh8+ Kd7 27.
Qd4+ Ke8 28. Rxe7+ Qxe7 29. Qxa7 d2 30. Rf1 Qe1 31. Qe3+ Qxe3 32. fxe3 Be6 33.
b3 c5 34. Rd1 c4 35. bxc4 Bxc4 36. Rxd2 a5 37. a3 b4 38. axb4 axb4 39. Rb2 b3
40. Kf2 Be6 41. Ke2 Ke7 42. Kd2 Kd6 43. Kc3 Kc5 44. Rd2 Kb5 45. Rd6 Bf7 46. Rf6
Be8 47. Kxb3 1-0

[Event "Outaouais-ch Reserve"]
[Site "Gatineau CAN"]
[Date "2023.04.18"]
[Round "4"]
[White "Arcand, Pierre"]
[Black "Deschenes, Stephane"]
[Result "1-0"]
[WhiteElo "1170"]
[BlackElo "1118"]
[PlyCount "99"]
[EventDate "2023.03.28"]
[EventType "swiss"]
[EventRounds "7"]
[EventCountry "CAN"]

1. e4 g6 2. Nf3 Bg7 3. Nc3 c6 4. Bc4 e6 5. d3 Ne7 6. Bg5 f6 7. Bf4 d5 8. Bb3 d4
9. Ne2 e5 10. Bd2 Bg4 11. Ng3 Qd7 12. h3 Be6 13. O-O Na6 14. Bxe6 Qxe6 15. a3
O-O-O 16. Bb4 c5 17. Ba5 Rd7 18. Bd2 c4 19. Qe2 Nc5 20. dxc4 Nc6 21. b4 d3 22.
cxd3 Nb3 23. Rab1 Nbd4 24. Nxd4 Nxd4 25. Qe3 f5 26. exf5 gxf5 27. Nh5 Qg6 28.
Nxg7 Qxg7 29. Rb2 Rg8 30. g3 f4 31. Qe4 fxg3 32. f3 Qf7 33. Kg2 Nc6 34. Bc3 h5
35. Bxe5 Nxe5 36. Qxe5 Rc7 37. c5 b5 38. cxb6 axb6 39. Qb5 Qf6 40. Rfb1 Rf8 41.
Qxh5 Rc3 42. Qg4+ Kd8 43. Qxg3 Qf4 44. Qxf4 Rxf4 45. Kg3 Rd4 46. Rb3 Rdxd3 47.
Rxc3 Rxc3 48. Ra1 Rc7 49. Rd1+ Kc8 50. Rd3 1-0

[Event "Outaouais-ch Reserve"]
[Site "Gatineau CAN"]
[Date "2023.04.18"]
[Round "4"]
[White "Blais, Robert"]
[Black "Filion, Jean"]
[Result "1-0"]
[WhiteElo "1507"]
[BlackElo "1143"]
[PlyCount "84"]
[EventDate "2023.03.28"]
[EventType "swiss"]
[EventRounds "7"]
[EventCountry "CAN"]

1. e4 e5 2. Nf3 Nc6 3. Bc4 Qf6 4. Nc3 d6 5. Nd5 Qg6 6. Nxc7+ Kd8 7. Nxa8 Qxe4+
8. Qe2 Qxc2 9. O-O Bg4 10. Bd3 Qa4 11. Qe4 Qxe4 12. Bxe4 Bxf3 13. Bxf3 Nd4 14.
Bxb7 Nf6 15. d3 h5 16. Bg5 h4 17. Bxf6+ gxf6 18. Rac1 h3 19. Rfe1 hxg2 20. Bxg2
Bh6 21. Rc7 Bf4 22. h3 Bd2 23. Rd1 Ba5 24. Rxa7 Bb4 25. a3 Bc5 26. Ra5 Ke7 27.
b4 Ne2+ 28. Kf1 Nf4 29. bxc5 dxc5 30. Rxc5 Rxa8 31. Bxa8 Nxh3 32. Rb1 Ke6 33.
Be4 Kd6 34. Rc6+ Ke7 35. Rb8 f5 36. Bxf5 Nf4 37. a4 Nd5 38. a5 Ne3+ 39. fxe3 e4
40. d4 f6 41. a6 Kf7 42. Rb7+ Kf8 1-0

[Event "Outaouais-ch Reserve"]
[Site "Gatineau CAN"]
[Date "2023.04.18"]
[Round "4"]
[White "Brault, Jean-Francois"]
[Black "Nasr, Marwan"]
[Result "0-1"]
[WhiteElo "1558"]
[BlackElo "1443"]
[PlyCount "78"]
[EventDate "2023.03.28"]
[EventType "swiss"]
[EventRounds "7"]
[EventCountry "CAN"]

1. Nf3 c6 2. c4 d5 3. cxd5 cxd5 4. d4 Nf6 5. Bf4 Nc6 6. e3 e6 7. Bb5 Qa5+ 8.
Nc3 Bb4 9. Bxc6+ bxc6 10. O-O Ba6 11. Re1 Ne4 12. Qc2 Bxc3 13. bxc3 Qxc3 14.
Qxc3 Nxc3 15. Bd6 f6 16. Kh1 Kd7 17. Bb4 Ne4 18. Kg1 Rab8 19. a3 Rhc8 20. Rec1
Bc4 21. Ne1 c5 22. f3 cxb4 23. fxe4 b3 24. Rab1 dxe4 25. Rb2 Bd5 26. Rd1 Rc3
27. Kf2 Rbc8 28. Ke2 Rc1 29. Kd2 Rxd1+ 30. Kxd1 Kc6 31. Kc1 Kb5+ 32. Kb1 Ka4
33. g3 Kxa3 34. Ng2 g5 35. h4 h6 36. Nf4 gxf4 37. gxf4 Rg8 38. Ka1 Rg1+ 39. Rb1
b2# 0-1

[Event "Outaouais-ch Reserve"]
[Site "Gatineau CAN"]
[Date "2023.04.18"]
[Round "4"]
[White "Chacon, Jose"]
[Black "Marghetis, Aris"]
[Result "1-0"]
[WhiteElo "1585"]
[BlackElo "1812"]
[PlyCount "97"]
[EventDate "2023.03.28"]
[EventType "swiss"]
[EventRounds "7"]
[EventCountry "CAN"]

1. e4 g6 2. d4 Bg7 3. f4 d6 4. Nf3 Nf6 5. e5 dxe5 6. fxe5 Nd5 7. Bc4 O-O 8. O-O
Bg4 9. h3 Bf5 10. g4 Be6 11. Ng5 Qd7 12. Nxe6 Qxe6 13. Qf3 c6 14. Nc3 Rd8 15.
Ne4 f6 16. exf6 Bxf6 17. Nxf6+ exf6 18. Qxf6 Qxf6 19. Rxf6 Kg7 20. Rf2 b5 21.
Bb3 Na6 22. Bg5 Rf8 23. Raf1 Rxf2 24. Rxf2 Nac7 25. Bh4 Re8 26. Bg3 Re7 27.
Be5+ Kg8 28. Rf6 Re6 29. Rf3 Re7 30. Kg2 Ne6 31. h4 Rf7 32. g5 Rxf3 33. Kxf3
Kf8 34. Ke4 Nec7 35. Bd6+ Ke8 36. Ke5 Kd7 37. Bxc7 Nxc7 38. Bg8 Ke7 39. Bxh7
Kf7 40. Kd6 Nd5 41. Kxc6 Nb4+ 42. Kxb5 Nxc2 43. d5 Ne3 44. Kc6 Nc4 45. d6 Ne5+
46. Kc7 Nd3 47. d7 Nc5 48. d8=Q Ne6+ 49. Kd7 1-0